000 01768nam a2200229Ia 4500
008 260220t2017||||xx |||||||||||||| ||spa||
040 _aPY-SlUNAC
_bspa
_erda
041 _aspa
082 _a551.6
_bEs88e
245 0 _aEstrategia nacional de género ante el cambio climático
264 _aAsunción :
_bPrograma de las Naciones Unidas para el Desarrollo,
_c℗2017.
300 _a1 volumen
520 _aEl libro "Estrategia nacional de género ante el cambio climático", publicado por el Programa de las Naciones Unidas para el Desarrollo en 2017, aborda la intersección entre el género y el cambio climático, destacando cómo las desigualdades de género afectan la vulnerabilidad y la capacidad de respuesta de las comunidades frente a los impactos del cambio climático. A lo largo de sus capítulos, se analizan las políticas y estrategias existentes, enfatizando la necesidad de incorporar una perspectiva de género en la planificación y ejecución de iniciativas ambientales. Se presentan casos prácticos y ejemplos que ilustran cómo la participación activa de las mujeres puede mejorar la resiliencia de las comunidades. Además, se proponen recomendaciones concretas para gobiernos y organizaciones, instando a la integración de enfoques de género en la toma de decisiones relacionadas con el medio ambiente. Este enfoque no solo busca justicia social, sino que también contribuye a la eficacia de las políticas climáticas, promoviendo un desarrollo sostenible e inclusivo.
653 _aCambio climático
653 _aDesarrollo sostenible
653 _aGénero
942 _b2026/02/17
_cBK
999 _c8071
_d8071